| 000 | 00687nam a2200217Ia 4500 | ||
|---|---|---|---|
| 005 | 20241129111413.0 | ||
| 008 | 241129s9999||||xx |||||||||||||| ||und|| | ||
| 020 | _a978-81-953969-0-0 | ||
| 037 | _aTB | ||
| 040 |
_aCRL _bhin _cCRL |
||
| 041 |
_ahin _2hin |
||
| 084 |
_aY:411-425 152R1 _qCRL |
||
| 100 | _aझाए अनुरंजनए लेण् | ||
| 245 | 0 |
_aझूम _cझाए अनुरंजनए लेण् |
|
| 260 |
_a, भारत _bदिल्लीए किताब प्रकाशनए _c2021 |
||
| 300 | _a152पृ0 | ||
| 365 |
_aINR _b350 |
||
| 650 | _aSociology | ||
| 942 |
_cTB _hY:411-425 152R1 |
||
| 999 |
_c1230312 _d1230312 |
||